| 000 | 00604nam a22002177a 4500 | ||
|---|---|---|---|
| 003 | OSt | ||
| 005 | 20150619145755.0 | ||
| 008 | 150619b xxu||||| |||| 00| 0 eng d | ||
| 020 | _a9781464120275 | ||
| 040 | _cDDC | ||
| 082 |
_222nd ed. _a547 VOL 2014 |
||
| 100 |
_aVollhardt, Peter _95454 |
||
| 245 |
_aOrganic chemistry: _bstructure and function |
||
| 250 | _a7th ed. | ||
| 260 |
_aNew York; _bW.H Freeman, _c2014 |
||
| 300 |
_axxxiv,1223p; _bcol.ill: _c28cm |
||
| 504 | _aAnswers, credit, & index included | ||
| 650 |
_aOrganic chemistry _9814 |
||
| 700 |
_aSchore, Neil _95455 |
||
| 942 |
_2z _cO_SHELF |
||
| 999 |
_c2110 _d2110 |
||